| Tag |
First Indicator |
Second Indicator |
Subfields |
| LEADER |
00000cam a2200000 a 4500 |
| 001 |
in00001347607 |
| 005 |
20151006072424.0 |
| 007 |
hd afu---baca |
| 008 |
860308s1867 lau a 000 0 eng d |
| 035 |
|
|
|a (OCoLC)13272317
|
| 035 |
|
|
|9 AHH5417AM
|
| 040 |
|
|
|a POG
|c POG
|d UtOrBLW
|
| 049 |
|
|
|a TXAI
|
| 090 |
|
|
|a PS586
|b .A450 pt. 3, no. 295
|
| 099 |
|
|
|a film
|a B
|a 3870
|a Segment III, no. 295)
|
| 100 |
1 |
|
|a Bigney, M. F.
|q (Mark Frederick),
|d 1817-1886.
|
| 245 |
1 |
4 |
|a The forest pilgrims :
|b and other poems /
|c by M.F. Bigney.
|
| 264 |
|
1 |
|a New Orleans :
|b J.A. Gresham ;
|a New York :
|b M. Doolady,
|c 1867.
|
| 300 |
|
|
|a 258 pages ;
|c 19 cm.
|
| 336 |
|
|
|a text
|b txt
|2 rdacontent
|
| 337 |
|
|
|a microform
|b h
|2 rdamedia
|
| 338 |
|
|
|a microfilm reel
|b hd
|2 rdacarrier
|
| 533 |
|
|
|a Microfilm.
|b Woodbridge, Conn. :
|c Research Publications,
|d 1977.
|e 1 microfilm reel ; 35 mm.
|f (American Poetry, 1609-1900 ; Segment III, no. 295)
|
| 539 |
|
|
|a s
|b 1977
|d ctu
|e n
|
| 500 |
|
|
|a Microform.
|
| 999 |
|
|
|a MARS
|
| 999 |
f |
f |
|s 95dd9a77-55bd-3b2b-b80d-dd72a8f78849
|i 435cae99-9726-39d5-9e07-514d6c2f0d7f
|t 0
|
| 952 |
f |
f |
|p default
|a Texas A&M University
|b College Station
|c Sterling C. Evans Library
|d Evans: Microforms (3rd floor)
|t 0
|e film B 3870 Segment III, no. 295
|h Other scheme
|i microform -- microfilm reel
|
| 998 |
f |
f |
|a film B 3870 Segment III, no. 295
|t 0
|l Evans: Microforms (3rd floor)
|